O oprave naších príspevkových tablíc

Bibliographic Details
Format: Book
Language:Slovak
PhysicalDescription:38 strán tabuľky 23 cm
Published: Pittsburgh Pennsylvania Federácia slovenských a slavianskych podporných organizácií 1920
Subjects:

MARC

LEADER 00000cam a2200000 a 4500
001 vtls012256364
003 SK-MaSNL
005 20260301192526.0
008 240517s1920 xxul grf 000 0 slo
015 |a SNBZSA1920/05 
020 |q (brožované) 
040 |a SNK  |b slo  |c SNK  |e AACR2 
041 0 |a slo 
043 |a n-xxu-- 
044 |a xxu  |c US 
072 7 |a 061.2  |x Nevládne organizácie a kooperácia  |2 konspekt 
080 |a 061.2  |2 2011 
080 |a 323.113:061.2  |2 2011 
080 |a (73)  |2 2011 
080 |a (035)  |2 2011 
245 0 0 |a O oprave naších príspevkových tablíc 
246 3 |a O oprave našich príspevkových tablíc 
260 |a Pittsburgh  |a Pennsylvania  |b Federácia slovenských a slavianskych podporných organizácií  |c 1920 
300 |a 38 strán  |b tabuľky  |c 23 cm 
500 |a Ilustrácie na titulnej strane. Nová navrhovaná opravená tablica Národného slovenského spolku a jej vysvetlenie na strane 31-38 
610 2 |a Národný slovenský spolok v Spojených štátoch amerických (Pittsburgh, Pa.)  |2 SNKKA  |9 32303 
650 0 7 |a mimovládne organizácie  |2 SNKPH  |9 194400 
650 0 7 |a krajanské spolky a organizácie  |2 SNKPH  |9 103573 
651 7 |a Spojené štáty americké  |2 SNKPHgeo  |9 18262 
655 7 |a príručky  |2 SNKPH  |9 74364 
852 |a Slovenská národná knižnica 
954 |a odborná, vedecká literatúra pôvodná (slovenská)  |2 lita 
958 |a RK 
958 |a TL 
958 |a ONDV 
958 |a ZS 
999 |c 874413  |d 876343 
952 |a SNK  |b SNK  |y PREZ  |7 0  |p 17A0715845  |o snkSC 1242/19  |i snk504/37  |0 0  |1 0  |4 0  |d 2024-05-17  |f 1  |l 0  |r 2025-06-11 00:00:00  |w 2026-02-24